Представление документа в формате RUSMARC

ПолеНазваниеЗначение
  Тип записи a
  Библиографический уровень a
001 Контрольный номер RU/CBS_UL/BASE/26b4d00503ae4b86a0cd9822f3d87bd7
005 Дата корректировки 20260416160934.9
100 Данные общей обработки __
a Данные общей обработки 20260416 ||| 0rusy0189 ca
101 Язык документа 0_
a Язык текста rus
102 Страна публикации __
a Страна публикации RU
200 Заглавие и сведения об ответственности 1_
a Заглавие МС-21: тернистый путь на авиалинии
e Сведения, относящиеся к заглавию [постройка первых опытных образцов самолёта МС-21 и его первый полёт]
f Первые сведения об ответственности А. Фомин
300 Общие примечания __
a Общие примечания 16+
461 Уровень набора _0
1 2000
a Взлет
463 Уровень физической единицы _0
1 2000
a № 7-8
v С. 2-15 : фото
1 2101
d 2025
1 001RU/CBS_UL/BASE/71135b3af2cc457cbe5018879bad52d4
606 Тематические рубрики 0_
a Основная рубрика МС-21, среднемагистральные пассажирские самолёты
610 Ключевые слова 0_
a Ключевые слова самолёты
610 Ключевые слова 0_
a Ключевые слова российские самолёты
610 Ключевые слова 0_
a Ключевые слова самолёты российские
610 Ключевые слова 0_
a Ключевые слова пассажирские самолёты
610 Ключевые слова 0_
a Ключевые слова самолёты пассажирские
610 Ключевые слова 0_
a Ключевые слова авиационные заводы
610 Ключевые слова 0_
a Ключевые слова Иркутский авиационный завод
610 Ключевые слова 0_
a Ключевые слова Авиастар-СП
610 Ключевые слова 0_
a Ключевые слова АэроКомпозит (заводы)
610 Ключевые слова 0_
a Ключевые слова производство самолётов
610 Ключевые слова 0_
a Ключевые слова лётные испытания самолётов
610 Ключевые слова 0_
a Ключевые слова первые полёты
610 Ключевые слова 0_
a Ключевые слова МС-21-300 (самолёты)
686 Индексы других классификаций __
2 Код системы rubbk
a Классификационный индекс 39.53
700 Автор _1
a Фамилия Фомин
b Имя (инициалы) А.
801 Источник записи _0
a Страна RU
b Организация МБУК ЦБС г. Ульяновска
c Дата составления 20260416
g Правила каталогизации RCR
801 Источник записи _1
a Страна RU
b Организация МБУК ЦБС г. Ульяновска
c Дата составления 20260416
g Правила каталогизации RCR
901 Тип документа __
t Тип документа b
w Контрольный № источника RU/CBS_UL/BASE/71135b3af2cc457cbe5018879bad52d4
909 Создатель записи __
a Создатель записи lib2